000 00406cam a22001337a 4500
008 180718b2004 xxu||||| |||| 00| 0 eng d
082 _aA81x54 01/01RAT
100 _aCensus of India 2001
245 _aThe first report on religion data abstract
260 _aDelhi
_bThe Controller of Publications
_c2004
300 _aLii
440 _aCensus of India 2001. Series-1
650 _aReligion - Census - India
999 _c485086
_d485086